Football - Associe le Joueur à sa Famille - Statistiques

Statistiques générales
  • Ce quiz a été pris 420 fois
  • Le résultat moyen est 12 sur 20
Statistiques - réponses
Par images Réponse % Correct
Kylian Mbappé
95%
Paul Pogba
95%
Cristiano Ronaldo
89%
Jude Bellingham
89%
Lionel Messi
84%
Eden Hazard
76%
Marcus Thuram
74%
Erling Haaland
72%
Zinédine Zidane
68%
Dimitri Payet
67%
Adrien Rabiot
66%
Neymar Junior
60%
Théo Hernandez
52%
Thiago Alcantara
52%
Patrick Kluivert
51%
Hugo Lloris
37%
Anthony Martial
36%
Antoine Griezmann
35%
Marquinhos
18%
Sergio Ramos
14%
Aucun quiz correspondant
Distribution des résultats
% des personnes avec chaque résultat
Percentile par nombre de réponses
Votre historique - résultats
Vous n’avez pas pris ce quiz